00411nam a2200133Ia 4500082001200000100003100012245009300043260003200136300002100168650001400189650002500203650003500228710001400263 aTS.0625 aSrivastava, Rajendra Kumar 0aSome inferences in a component of variance model using preliminary tests of significance c1972bUniversity of Lucknow a156p. + C D - 57 aINFERENCE aANALYSIS OF VARIANCE aSTATISTICAL HYPOTHESIS TESTING aRoy, A.R.